| 000 | 00589nam a2200193Ia 4500 | ||
|---|---|---|---|
| 008 | 140626s9999 xx 000 0 und d | ||
| 100 | _aBaquino, Marshaley. | ||
| 245 |
_aSocial representations of mining conflict in Davao Oriental / _cMarshaley Baquino ... [et al.]. |
||
| 260 | _cc2011. | ||
| 300 | _a44 : 1, page 1 | ||
| 440 | _aPhilippine Journal of Psychology | ||
| 521 | _aPSYCH | ||
| 650 | _aHegemonic representation. | ||
| 650 | _aMining conflict. | ||
| 650 | _aPolemic representation. | ||
| 650 | _aSocial representations. | ||
| 650 | _aSymbolic coping. | ||
| 942 | _cSE | ||
| 999 |
_c121366 _d121366 |
||